La animación sociocultural : (Record no. 71594)

MARC details
000 -LEADER
campo de control de longitud fija 00780nmm a2200229Ia 4500
008 - DATOS DE LONGITUD FIJA--INFORMACIÓN GENERAL
campo de control de longitud fija 251105s9999||||xx |||||||||||||||||und||
020 ## - NÚMERO INTERNACIONAL ESTÁNDAR DEL LIBRO
Número Internacional Estándar del Libro 9788490292341
041 ## - CÓDIGO DE IDIOMA
Código de lengua del texto/banda sonora o título independiente spa
100 ## - ENTRADA PRINCIPAL--NOMBRE DE PERSONA
Nombre de persona Soler Masó, Pere
245 #0 - MENCIÓN DEL TÍTULO
Título La animación sociocultural :
Resto del título Una estrategia para el desarrollo y el empoderamiento de comunidades
264 ## - PRODUCCIÓN, PUBLICACIÓN, DISTRIBUCIÓN, FABRICACIÓN Y COPYRIGHT
Producción, publicación, distribución, fabricación y copyright [Madrid, España] :
Nombre del de productor, editor, distribuidor, fabricante Universitat Oberta de Catalunya,
Fecha de producción, publicación, distribución, fabricación o copyright 2012
300 ## - DESCRIPCIÓN FÍSICA
Extensión 344 páginas
650 ## - PUNTO DE ACCESO ADICIONAL DE MATERIA--TÉRMINO DE MATERIA
Término de materia o nombre geográfico como elemento de entrada Social Sciences (General)
700 ## - ENTRADA AGREGADA--NOMBRE PERSONAL
Nombre de persona Soler Masó, Pere
700 1# - ENTRADA AGREGADA--NOMBRE PERSONAL
Nombre de persona Invernó Curós, Josep
700 1# - ENTRADA AGREGADA--NOMBRE PERSONAL
Nombre de persona Llena Berñe, Mª Asunción
700 1# - ENTRADA AGREGADA--NOMBRE PERSONAL
Nombre de persona Morata Garcia, Mª Jesús
700 1# - ENTRADA AGREGADA--NOMBRE PERSONAL
Nombre de persona Planas Lladó, Anna
700 1# - ENTRADA AGREGADA--NOMBRE PERSONAL
Nombre de persona Ros Florenza, Assumpció
856 ## - LOCALIZACIÓN Y ACCESO ELECTRÓNICOS
Identificador Uniforme de Recursos <a href="https://public.digitaliapublishing.com/a/24463">https://public.digitaliapublishing.com/a/24463</a>
942 ## - ELEMENTOS DE ENTRADA SECUNDARIOS (KOHA)
Tipo de ítem Koha Libro Digital

No items available.

Powered by Koha